Nástroje menovej politiky ECB a situácia na peňažnom trhu v roku 2018
Globálna politická situácia a výzvy medzinárodného usporiadania obchodných vzťahov boli hlavnými faktormi vývoja finančných trhov v roku 2018. Politika hlavných centrálnych bánk sveta sa prispôsobovala meniacemu sa vývoju podkladových fundamentálnych faktorov, čo sa prejavilo aj pokračujúcim nedosta...
Salvato in:
| Autore principale: | |
|---|---|
| Natura: | Capitolo di libro |
| Lingua: | slovacco |
| Soggetti: | |
| Tags: |
Nessun Tag, puoi essere il primo ad aggiungerne!!
|
MARC
| LEADER | 00000naa a2200000 4500 | ||
|---|---|---|---|
| 001 | 0253122 | ||
| 005 | 20221104110728.2 | ||
| 041 | 0 | |a slo | |
| 044 | |a SK | ||
| 245 | 1 | 0 | |a Nástroje menovej politiky ECB a situácia na peňažnom trhu v roku 2018 |c Tomáš Boháček |
| 520 | |a Globálna politická situácia a výzvy medzinárodného usporiadania obchodných vzťahov boli hlavnými faktormi vývoja finančných trhov v roku 2018. Politika hlavných centrálnych bánk sveta sa prispôsobovala meniacemu sa vývoju podkladových fundamentálnych faktorov, čo sa prejavilo aj pokračujúcim nedostatkom významnejších investičných príležitostí a obchodnej aktivity na kapitálovom a peňažnom trhu. Znižujúci sa objem nákupov aktív ECB s následným ukončením ich aktívnej fázy bol najvýznamnejším faktorom spomalenia rastu prebytočnej likvidity v HMÚ, pričom jedným zo zásadných determinantov bol aj vývoj autonómnych faktorov. | ||
| 610 | 2 | 0 | |a trh peňažný |
| 610 | 2 | 0 | |a politika menová |
| 610 | 2 | 0 | |a nástroje finančné |
| 610 | 2 | 0 | |a nástroje politiky menovej |
| 610 | 2 | 0 | |a ukazovatele ekonomické |
| 610 | 2 | 0 | |a ukazovatele makroekonomické |
| 610 | 2 | 0 | |a prognózy dlhodobé |
| 100 | 1 | |a Boháček, Tomáš | |